[Event "Challenge"]
[Site "http://www.queenalice.com/game.php?id=952103"]
[Date "2011.6.20"]
[Round "-"]
[White "Dsilver"]
[Black "Comedorovitch"]
[Result "1-0"]
[WhiteElo "1723"]
[BlackElo "1651"]

1. e4 c6 2. Bc4 d5 3. exd5 cxd5 4. Bb3 Bf5 5. Qf3 e6 6. g4 Be4 7. Ba4+ Nc6 8.
Bxc6+ bxc6 9. Qc3 Rc8 10. f3 Qh4+ 11. Kd1 Bg6 12. d3 Nf6 13. Nd2 Nxg4 14. fxg4
Qxg4+ 15. Ngf3 Bd6 16. Qxg7 Rg8 17. Qxg8+ Kd7 18. Qg7 Qg2 19. Rg1 Qf2 20. Rxg6
hxg6 21. Qxf7+ Be7 22. Ne5+ Kd6 23. Qxf2 1-0

[Event "AUTO-INT-2069"]
[Site "http://www.queenalice.com/game.php?id=954025"]
[Date "2011.6.26"]
[Round "1"]
[White "jamba"]
[Black "Comedorovitch"]
[Result "1-0"]
[WhiteElo "1549"]
[BlackElo "1622"]

1. d4 d5 2. e3 Nf6 3. Bd3 Bg4 4. Nf3 Nc6 5. a3 Bxf3 6. Qxf3 e5 7. Bf5 Be7 8. Qg3
g6 9. dxe5 Nh5 10. Qg4 O-O 11. e4 Nxe5 12. Qh3 Bg5 13. Bxg5 Qxg5 14. Bd7 Nf4 15.
Qg3 Qxg3 16. hxg3 Nxg2+ 17. Kf1 Ne3+ 18. fxe3 Nxd7 19. exd5 Rae8 20. Ke2 Nc5 21.
Nc3 Ne4 22. Nxe4 f5 23. Ng5 h5 24. Ne6 Rf7 25. Rad1 Rfe7 26. Rhg1 c6 27. Nc7
Rxc7 28. d6 Rd7 29. c4 c5 30. b4 b6 31. bxc5 bxc5 32. Kf3 Re6 33. g4 fxg4+ 34.
Kf4 Rexd6 35. Rb1 Rf6+ 36. Kg5 Rf5+ 37. Kxg6 Rdf7 38. Rb8+ Rf8 39. Rxf8+ Rxf8
40. Kxh5 Rf3 41. Rxg4+ Kh7 42. e4 Rxa3 43. e5 Re3 44. Rg5 a5 45. Kh4 Kh6 46. Rf5
Kg6 47. Rf6+ Kg7 48. Rf5 Re4+ 49. Kg5 a4 50. e6 Rxc4 51. Rf7+ Kg8 52. Kg6 Rg4+
53. Kf5 Rg7 54. Rd7 Kf8 55. Rd8+ Ke7 56. Rd7+ Kf8 57. Kf6 Rg1 58. e7+ Ke8 59.
Rd8# 1-0

[Event "AUTO-INT-2069"]
[Site "http://www.queenalice.com/game.php?id=954026"]
[Date "2011.6.26"]
[Round "1"]
[White "Comedorovitch"]
[Black "jamba"]
[Result "0-1"]
[WhiteElo "1671"]
[BlackElo "1583"]

1. d4 d5 2. Nf3 g6 3. e3 Bg7 4. c4 dxc4 5. Bxc4 e6 6. O-O c6 7. Nc3 b5 8. Nxb5
cxb5 9. Bxb5+ Bd7 10. Qa4 a6 11. Bxd7+ Nxd7 12. Rd1 Nf6 13. Ne5 O-O 14. b3 Nxe5
15. Ba3 Ned7 16. Bxf8 Nxf8 17. Rac1 h5 18. Rc6 e5 19. Rdc1 exd4 20. exd4 Ne4 21.
Rxa6 Rc8 22. g3 Rxc1+ 23. Kg2 Bxd4 24. Ra8 Qd5 25. f3 Rc2+ 26. Kh3 Qf5+ 27. g4
Qxf3+ 28. Kh4 Rxh2# 0-1

[Event "AUTO-INT-2069"]
[Site "http://www.queenalice.com/game.php?id=954039"]
[Date "2011.6.26"]
[Round "1"]
[White "Goudan"]
[Black "Comedorovitch"]
[Result "0-1"]
[WhiteElo "1589"]
[BlackElo "1666"]

1. e4 c5 2. Nc3 Nc6 3. Nf3 d6 4. Bc4 e6 5. O-O Nf6 6. d3 Be7 7. d4 cxd4 8. Nxd4
Bd7 9. Nxc6 Bxc6 10. Qf3 O-O 11. Bb5 Bxb5 12. Nxb5 a6 13. Nc3 b5 14. Bg5 Nd7 15.
Bxe7 Qxe7 16. Rad1 Ne5 17. Qe2 f5 18. exf5 Rxf5 19. a4 bxa4 20. Nxa4 Qc7 21. Nc3
Qc4 22. Qxc4 Nxc4 23. Rxd6 Nxd6 24. Re1 Re8 25. Nd5 Rxd5 26. h3 Rd2 27. c4 Nxc4
28. b3 Nb2 29. Kh2 Rxf2 0-1

[Event "AUTO-INT-2069"]
[Site "http://www.queenalice.com/game.php?id=954040"]
[Date "2011.6.26"]
[Round "1"]
[White "Comedorovitch"]
[Black "Goudan"]
[Result "1-0"]
[WhiteElo "1678"]
[BlackElo "1381"]

1. d4 e6 2. c4 d5 3. Nc3 dxc4 4. e4 Nc6 5. Be3 Nf6 6. Bxc4 Bb4 7. Qc2 O-O 8. Nf3
a6 9. a3 Ba5 10. b4 Bb6 11. O-O Nxd4 12. Nxd4 Bxd4 13. Rfd1 e5 14. Rab1 c6 15.
Ne2 b5 16. Bb3 a5 17. Qxc6 Bd7 18. Qc1 Bxe3 19. Qxe3 axb4 20. axb4 Qc7 21. Rbc1
Qa7 22. Qxa7 Rxa7 23. f3 Ra3 24. Bd5 Nxd5 25. Rxd5 Ra2 26. Nc3 Ra7 27. Nxb5 Bxb5
28. Rxb5 h6 29. Rxe5 f6 30. Rd5 Rb8 31. b5 Rab7 32. Rcc5 Kf7 33. e5 Rb6 34. Rd7+
Ke6 35. Rxg7 fxe5 36. Rg6+ Kf5 37. Rxb6 Rxb6 38. Rc6 Rxb5 39. Rxh6 Kf4 40. Rh4+
Kg5 41. Re4 Kf6 42. Kf2 Rb2+ 43. Kg3 Kf5 44. h4 Rb6 45. Kh3 Rg6 46. Rg4 Rf6 47.
g3 1-0

[Event "AUTO-INT-2069"]
[Site "http://www.queenalice.com/game.php?id=954049"]
[Date "2011.6.26"]
[Round "1"]
[White "Comedorovitch"]
[Black "carlosjvega"]
[Result "0-1"]
[WhiteElo "1697"]
[BlackElo "1896"]

1. d4 d5 2. c4 dxc4 3. Nc3 b6 4. e4 Ba6 5. Qa4+ c6 6. Bxc4 Bxc4 7. Qxc4 e6 8.
Nf3 Nf6 9. O-O Be7 10. h3 O-O 11. Bg5 b5 12. Qb3 Nbd7 13. Rad1 Nh5 14. Bxe7 Qxe7
15. g3 a5 16. e5 Nb6 17. Nd2 a4 18. Qc2 Nd5 19. Nxd5 cxd5 20. Rc1 Qd7 21. Qc7
Qxc7 22. Rxc7 f6 23. Re7 fxe5 24. Rxe6 exd4 25. Rd6 Rfd8 26. Rc6 Nf6 27. Re1
Rac8 28. Ree6 Kf7 29. Rxc8 Rxc8 30. Rd6 Rc1+ 31. Kg2 Rc2 32. Nf3 Rxb2 33. Nxd4
Ne4 34. Rxd5 Nxf2 35. Kf3 Nxh3 36. Rxb5 Rxa2 37. Ra5 Ng5+ 38. Kg4 Ne4 39. Ra7+
Kf6 40. Kf4 Nc5 41. Nb5 h6 42. Nc3 Ra1 43. Ra5 Nd3+ 44. Kg4 a3 0-1

[Event "AUTO-INT-2069"]
[Site "http://www.queenalice.com/game.php?id=954050"]
[Date "2011.6.26"]
[Round "1"]
[White "carlosjvega"]
[Black "Comedorovitch"]
[Result "1-0"]
[WhiteElo "1904"]
[BlackElo "1689"]

1. e4 c5 2. Nf3 d6 3. Bc4 e6 4. d4 cxd4 5. Nxd4 Nf6 6. Nc3 Be7 7. a3 O-O 8. Be3
Nc6 9. Nxc6 bxc6 10. b4 e5 11. f3 a5 12. b5 cxb5 13. Bxb5 Ba6 14. a4 Qc8 15. Nd5
Qb7 16. Nxf6+ Bxf6 17. c4 Rfc8 18. O-O Be7 19. Qd5 Rab8 20. Rab1 Qxd5 21. cxd5
Bxb5 22. Rxb5 Rxb5 23. axb5 Bd8 24. b6 Rc2 25. Rb1 h6 26. b7 Bc7 27. Bb6 Bb8 28.
Bxa5 Ra2 29. Bb4 Ra6 30. Be1 Kh7 31. h4 g6 32. Bg3 f5 33. exf5 gxf5 34. h5 Ra5
35. Bh4 Rxd5 36. Kf1 Rc5 37. Be7 Kg7 38. Bxd6 Bxd6 39. b8=Q Bxb8 40. Rxb8 Kf6
41. Rb6+ Kg5 42. Re6 Kxh5 43. Kg1 Kh4 44. Rxh6+ Kg3 45. Rh3+ Kf4 46. Kh2 1-0

[Event "AUTO-ADV-2202"]
[Site "http://www.queenalice.com/game.php?id=954184"]
[Date "2011.6.26"]
[Round "1"]
[White "Dcar"]
[Black "Comedorovitch"]
[Result "1/2-1/2"]
[WhiteElo "1703"]
[BlackElo "1674"]

1. Nf3 Nf6 2. g3 d5 3. d4 c5 4. dxc5 Bf5 5. Bg2 e6 6. Be3 Qa5+ 7. c3 Bxc5 8.
Bxc5 Qxc5 9. O-O O-O 10. b4 Qc7 11. Nd4 Bg6 12. Nb5 Qd8 13. Nd2 Nc6 14. Nd4 Rc8
15. b5 Nxd4 16. cxd4 Rc3 17. Nb3 Qc8 18. Nc5 Nd7 19. Nxd7 Qxd7 20. a4 Rfc8 21.
e3 Bc2 22. Qd2 Rd3 23. Qe2 a6 24. Rfc1 Rdc3 25. Ra2 Bb3 26. Rxc3 Rxc3 27. Rb2
Bxa4 28. bxa6 Rc7 29. Rxb7 Rxb7 30. axb7 Qxb7 31. Qa2 Qb3 32. Qxb3 1/2-1/2

[Event "AUTO-ADV-2202"]
[Site "http://www.queenalice.com/game.php?id=954185"]
[Date "2011.6.26"]
[Round "1"]
[White "Comedorovitch"]
[Black "Dcar"]
[Result "1/2-1/2"]
[WhiteElo "1675"]
[BlackElo "1684"]

1. d4 d5 2. c4 c6 3. Nc3 Nf6 4. Nf3 g6 5. Bf4 Bg7 6. e3 O-O 7. Bd3 Na6 8. a3 b6
9. O-O c5 10. h3 dxc4 11. Bxc4 Bb7 12. d5 Nh5 13. Re1 Nxf4 14. exf4 Nc7 15. Qd3
a5 16. a4 Ba6 17. Red1 Bxc4 18. Qxc4 Qd6 19. g3 Na6 20. Ne5 Nb4 21. Ne4 Qc7 22.
d6 exd6 23. Rxd6 Rfd8 24. Rad1 Rxd6 25. Rxd6 Rd8 26. Rxd8+ Qxd8 27. Qxf7+ Kh8
28. Qd7 Qxd7 29. Nxd7 Nd5 30. Nc3 Nxc3 31. bxc3 Bxc3 32. Nxb6 Kg7 33. Kg2 Kf7
34. g4 Ke6 35. Kf3 Kd6 1/2-1/2

[Event "AUTO-ADV-2202"]
[Site "http://www.queenalice.com/game.php?id=954196"]
[Date "2011.6.26"]
[Round "1"]
[White "matamuff"]
[Black "Comedorovitch"]
[Result "0-1"]
[WhiteElo "1894"]
[BlackElo "1679"]

1. c4 Nf6 2. Nc3 c5 3. d3 Nc6 4. g3 e6 5. e4 d6 6. Bg2 Be7 7. Nge2 O-O 8. f4 Nd4
9. Nxd4 cxd4 10. Ne2 Ng4 11. O-O h5 12. h3 Ne3 13. Bxe3 dxe3 14. Kh2 Qb6 15. Qb3
Qxb3 16. axb3 g5 17. fxg5 Bxg5 18. Nf4 h4 19. Nh5 f5 20. Rf3 b6 21. exf5 Bb7 22.
Nf4 Bxf3 23. Bxf3 hxg3+ 24. Kxg3 Bxf4+ 25. Kxf4 Rxf5+ 26. Kxe3 Raf8 27. Bg4 Re5+
28. Kd4 Rf4+ 29. Kc3 a5 30. b4 axb4+ 31. Kxb4 b5 32. b3 bxc4 33. dxc4 d5 34. Ra5
Ree4 35. Kc3 dxc4 36. bxc4 Rxc4+ 37. Kb3 Rb4+ 38. Kc3 Kf7 39. Ra6 e5 40. Re6
Rfc4+ 41. Kd3 e4+ 42. Ke3 Rb3+ 43. Kf2 Rc2+ 44. Ke1 Rb1+ 45. Bd1 Kxe6 0-1

[Event "AUTO-ADV-2202"]
[Site "http://www.queenalice.com/game.php?id=954197"]
[Date "2011.6.26"]
[Round "1"]
[White "Comedorovitch"]
[Black "matamuff"]
[Result "1/2-1/2"]
[WhiteElo "1657"]
[BlackElo "1876"]

1. d4 g6 2. Nf3 Bg7 3. c4 c5 4. d5 d6 5. Nc3 Bg4 6. e4 Nd7 7. Be2 Bxc3+ 8. bxc3
Qa5 9. Qb3 Nb6 10. Qb5+ Qxb5 11. cxb5 Nd7 12. h3 Bxf3 13. Bxf3 Ne5 14. Be2 Nf6
15. f4 Ned7 16. Bd3 e6 17. dxe6 fxe6 18. c4 O-O-O 19. O-O Kc7 20. a4 Rhf8 21. a5
Kb8 22. g4 Ng8 23. f5 gxf5 24. exf5 Ne5 25. Be2 exf5 26. Rxf5 Rfe8 27. Bb2 Nh6
28. Rf2 Rg8 29. Raf1 Rde8 30. Rf6 Nhf7 31. Bxe5 Nxe5 32. Rxd6 h5 33. Rf4 hxg4
34. Bxg4 Nxg4 35. Rxg4 Rxg4+ 36. hxg4 1/2-1/2

[Event "AUTO-ADV-2202"]
[Site "http://www.queenalice.com/game.php?id=954204"]
[Date "2011.6.26"]
[Round "1"]
[White "Comedorovitch"]
[Black "maurice91"]
[Result "1-0"]
[WhiteElo "1631"]
[BlackElo "1878"]

1. d4 d5 2. c4 c6 3. Nc3 Nf6 4. Qc2 dxc4 5. a4 e6 6. Nf3 Bb4 7. Bf4 Nd5 8. e4
Nxf4 9. Bxc4 Nxg2+ 10. Kf1 Nf4 11. Rg1 Rg8 12. d5 cxd5 13. exd5 Bxc3 14. Qxh7
Rf8 15. bxc3 Nxd5 16. Rd1 Ne3+ 17. Ke2 Nxd1 18. Rxd1 Qf6 19. Bb5+ Bd7 20. Qd3
Qe7 21. Ne5 a6 22. Bxd7+ Nxd7 23. Qxd7+ Qxd7 24. Nxd7 Rh8 25. Nb6 Rd8 26. Rh1
Rd6 27. a5 Rc6 28. c4 Rc5 29. Rb1 Rxa5 30. Nc8 Ra2+ 31. Kd3 Rxh2 32. Rxb7 Rhxf2
33. Nd6+ Kd8 34. Nxf7+ Kc8 35. Nd6+ Kd8 36. Rxg7 Rh2 37. Kd4 Ra5 38. Nb7+ Ke8
39. Nxa5 Rh5 40. c5 Rd5+ 41. Kc4 Rd1 42. Ra7 e5 43. Rxa6 Ke7 44. Nc6+ Ke6 45.
Nb8+ Kf5 46. c6 Kf4 47. Ra7 e4 48. Re7 Kf3 49. c7 e3 50. Rf7+ Ke2 51. Kb5 Ke1
52. c8=Q e2 53. Qg4 Kd2 54. Rd7+ Ke3 55. Re7+ 1-0

[Event "AUTO-ADV-2202"]
[Site "http://www.queenalice.com/game.php?id=954205"]
[Date "2011.6.26"]
[Round "1"]
[White "maurice91"]
[Black "Comedorovitch"]
[Result "0-1"]
[WhiteElo "1906"]
[BlackElo "1603"]

1. d4 d5 2. c4 dxc4 3. Nc3 Nf6 4. e4 c6 5. Bxc4 e6 6. Nge2 Be7 7. O-O O-O 8. a3
Nbd7 9. d5 cxd5 10. exd5 Nb6 11. Ba2 Nbxd5 12. Nxd5 Nxd5 13. Bxd5 Qxd5 14. Nc3
Qc6 15. Be3 Rd8 16. Qe2 a5 17. Rac1 Qa6 18. Qf3 b5 19. Qg3 Bb7 20. Bf4 Rac8 21.
Be3 Bd6 22. Qg4 Bc5 23. Bh6 g6 24. Qg5 Bf8 25. Bxf8 Rxf8 26. Nxb5 Bd5 27. Nc3
Bb3 28. Rfe1 Rcd8 29. h3 Qd3 30. h4 f6 31. Qh6 Qd2 32. Qxd2 Rxd2 33. Rxe6 Bxe6
34. Re1 Bb3 35. g3 Rxb2 36. Ne4 a4 37. Re3 Kg7 38. Nd6 Rd8 39. Re7+ Kg8 40. Ne4
Rd1+ 41. Kh2 Bd5 42. Nxf6+ Kf8 43. Nxd5 Rxd5 44. Rxh7 Rxf2+ 45. Kh3 Rf3 46. Rh6
Kg7 47. Kg4 Rxa3 0-1

[Event "Challenge"]
[Site "http://www.queenalice.com/game.php?id=973661"]
[Date "2011.8.17"]
[Round "-"]
[White "micbodu75"]
[Black "Comedorovitch"]
[Result "1-0"]
[WhiteElo "1735"]
[BlackElo "1704"]

1. e4 c6 2. f4 d5 3. e5 Bf5 4. Bd3 Bxd3 5. cxd3 e6 6. d4 Ne7 7. g3 Nf5 8. Nf3 c5
9. dxc5 Bxc5 10. d4 Bb4+ 11. Bd2 Nc6 12. a3 Qa5 13. Nc3 Bxc3 14. Bxc3 1-0

[Event "Challenge"]
[Site "http://www.queenalice.com/game.php?id=973991"]
[Date "2011.8.18"]
[Round "-"]
[White "Urko"]
[Black "Comedorovitch"]
[Result "0-1"]
[WhiteElo "1646"]
[BlackElo "1682"]

1. e4 c6 2. b4 d5 3. e5 Bf5 4. c3 e6 5. Ba3 Ne7 6. d4 Ng6 7. c4 dxc4 8. Bxc4 Be7
9. g3 O-O 10. Nd2 Nd7 11. f4 Nb6 12. Bb2 Bxb4 13. Rc1 Nxc4 14. Rxc4 a5 15. h3
Nxf4 16. gxf4 Qh4+ 17. Ke2 Bg4+ 18. Ngf3 Bxf3+ 19. Nxf3 Qxf4 20. Qd3 Rad8 21.
Bc1 Qf5 22. Qe3 Rd5 23. h4 f6 24. h5 fxe5 25. Rg1 exd4 26. Nxd4 Qxh5+ 27. Nf3
Re5 28. Qxe5 Qxf3# 0-1

[Event "Challenge"]
[Site "http://www.queenalice.com/game.php?id=975659"]
[Date "2011.8.22"]
[Round "-"]
[White "Netuno"]
[Black "Comedorovitch"]
[Result "1/2-1/2"]
[WhiteElo "1761"]
[BlackElo "1675"]

1. e4 c6 2. d4 d5 3. Nc3 dxe4 4. Nxe4 Bf5 5. Ng3 Bg6 6. Nf3 Nf6 7. h4 h6 8. Ne5
Bh7 9. Bc4 e6 10. Qe2 Bd6 11. Bf4 Bxe5 12. Bxe5 Nbd7 13. f4 Nxe5 14. dxe5 Nd5
15. O-O-O O-O 16. Bxd5 cxd5 17. c3 Qa5 18. a3 b5 19. Qd2 Rac8 20. Qd4 Rc7 21.
Rd2 Rc4 22. Qf2 Rfc8 23. Kd1 Qa4+ 24. Ke2 Rd8 25. Rd4 Qb3 26. Ke1 Rxd4 27. Qxd4
Qxb2 28. Qb4 Qxb4 29. axb4 Rc8 30. Kd2 Rc4 31. Ne2 Bf5 32. g3 Bg4 33. Nd4 a5 34.
bxa5 Ra4 35. Nxb5 Rxa5 36. Rb1 Kh7 37. Rb2 f6 38. exf6 gxf6 39. Ke3 Kg6 40. Nd4
e5 41. fxe5 fxe5 42. Nc6 d4+ 43. cxd4 exd4+ 44. Nxd4 Ra3+ 45. Rb3 Rxb3+ 46. Nxb3
h5 47. Kf4 Bd1 48. Nd4 Kf6 49. Nc6 Bc2 50. Nd4 Bd1 51. Nf3 Be2 52. Nd4 Bd1
1/2-1/2

[Event "AUTO-ADV-2202"]
[Site "http://www.queenalice.com/game.php?id=1001586"]
[Date "2011.10.25"]
[Round "2"]
[White "SirKnight"]
[Black "Comedorovitch"]
[Result "1-0"]
[WhiteElo "2053"]
[BlackElo "1693"]

1. e4 e5 2. Nf3 Nc6 3. Bc4 Nf6 4. Ng5 d5 5. exd5 Na5 6. Bb5+ Bd7 7. Qe2 Bd6 8.
O-O Nxd5 9. d4 f6 10. dxe5 Qe7 11. Bxd7+ Kxd7 12. Qb5+ 1-0

[Event "AUTO-ADV-2202"]
[Site "http://www.queenalice.com/game.php?id=1001590"]
[Date "2011.10.25"]
[Round "2"]
[White "Ronsini"]
[Black "Comedorovitch"]
[Result "1-0"]
[WhiteElo "2091"]
[BlackElo "1697"]

1. e4 e5 2. Nf3 Nc6 3. Bc4 Nf6 4. Ng5 d5 5. exd5 Na5 6. Bb5+ Bd7 7. Qe2 e4 8.
Nxe4 Nxe4 9. Qxe4+ Qe7 10. Qxe7+ Bxe7 11. Bxd7+ Kxd7 12. Nc3 Rae8 13. O-O Nc4
14. d3 Nb6 15. a3 Bf6 16. Ne4 Nxd5 17. c4 Nb6 18. Nxf6+ gxf6 19. Be3 Kc6 20. a4
Re5 21. a5 Nd7 22. b4 b6 23. axb6 axb6 24. Ra7 Rd8 25. b5+ Kd6 26. Bf4 Re8 27.
d4 1-0

[Event "AUTO-ADV-2202"]
[Site "http://www.queenalice.com/game.php?id=1001591"]
[Date "2011.10.25"]
[Round "2"]
[White "Comedorovitch"]
[Black "Ronsini"]
[Result "0-1"]
[WhiteElo "1695"]
[BlackElo "2091"]

1. d4 d5 2. c4 e6 3. Nc3 Nf6 4. Bg5 Nbd7 5. Nf3 c6 6. e4 dxe4 7. Nxe4 Be7 8. Bd3
Nxe4 9. Bxe7 Qxe7 10. Bxe4 Qb4+ 11. Qd2 Qxc4 12. Bd3 Qd5 13. O-O O-O 14. Ng5 Nf6
15. Rfe1 Rd8 16. Nf3 b6 17. Re5 Qd6 18. h3 c5 19. Qc2 Bb7 20. Rd1 Bxf3 21. gxf3
cxd4 22. Rg5 h6 23. Rg3 Qd5 24. Bc4 Qc6 25. b3 Nh5 26. Rg2 Qxf3 27. Rd3 Qf5 28.
f3 Nf4 29. Rg4 Nxd3 30. Bxd3 Qxf3 0-1